000
00255nam a2200085Ia 4500
245
0
_a
Making a difference : the changing the world handbook
100
_a
CRONIN, Ali New York, 2009
_9
69421
942
_c
BK
008
210818s9999 xx 000 0 und d
999
_c
452693
_d
452692